BSOP header

The Jesuits in the Philippines, 1581-1768 / (Record no. 21956)

MARC details
000 -LEADER
fixed length control field 00981nam a2200217 4500
008 - FIXED-LENGTH DATA ELEMENTS--GENERAL INFORMATION
fixed length control field 041130s1989 mauab b 001 0 eng
082 0# - DEWEY DECIMAL CLASSIFICATION NUMBER
Classification number 271.509914
090 ## - LOCALLY ASSIGNED LC-TYPE CALL NUMBER (OCLC); LOCAL CALL NUMBER (OCLC)
Classification number (OCLC) (R) ; Classification number, CALL (RLIN) (NR) BX3746.P5
Local cutter number (OCLC) ; Book number/undivided call number, CALL (RLIN) D37j
100 1# - MAIN ENTRY--PERSONAL NAME
Personal name De la Costa, Horacio,
Dates associated with a name 1916-1977.
245 14 - TITLE STATEMENT
Title The Jesuits in the Philippines, 1581-1768 /
Statement of responsibility, etc by H. de la Costa.
260 ## - PUBLICATION, DISTRIBUTION, ETC. (IMPRINT)
Place of publication, distribution, etc Cambridge :
Name of publisher, distributor, etc Harvard University Press,
Date of publication, distribution, etc 1961, 1989.
300 ## - PHYSICAL DESCRIPTION
Extent 702 p. :
Other physical details ill., maps
500 ## - GENERAL NOTE
General note [Photocopy].
500 ## - GENERAL NOTE
General note Reprinted by arrangement with Harvard University Press by Peimon Press for The Catholic Bishop's Conference of the Philippines in conjuction with the National Office of Mass Media, Manila.
504 ## - BIBLIOGRAPHY, ETC. NOTE
Bibliography, etc Includes bibliographical references and index.
610 24 - SUBJECT ADDED ENTRY--CORPORATE NAME
Corporate name or jurisdiction name as entry element Jesuits
Geographic subdivision Philippines
General subdivision History.
650 #4 - SUBJECT ADDED ENTRY--TOPICAL TERM
Topical term or geographic name as entry element Missions
Geographic subdivision Philippines
General subdivision History.
651 #4 - SUBJECT ADDED ENTRY--GEOGRAPHIC NAME
Geographic name Philippines
General subdivision Religion.
951 ## - EQUIVALENCE OR CROSS-REFERENCE-GEOGRAPHIC NAME/AREA NAME [OBSOLETE] [CAN/MARC only]
General subdivision 00030136
710 22 - ADDED ENTRY--CORPORATE NAME
Corporate name or jurisdiction name as entry element Catholic Bishops' Conference of the Philippines.
951 ## - EQUIVALENCE OR CROSS-REFERENCE-GEOGRAPHIC NAME/AREA NAME [OBSOLETE] [CAN/MARC only]
-- 27914
-- BX3746.P5/D37j
-- 070613111429390
-- 2000-12-21
-- FIL
Holdings
Withdrawn status Lost status Damaged status Not for loan Home library Current library Shelving location Date acquired Accession number Shelving control number Total Checkouts Full call number Barcode Date last seen Price effective from Koha item type
        BSOP Library BSOP Library Filipiniana 12/21/2000 27914 127   BX3746.P5/D37j 00030136 02/23/2013 02/23/2013 Books
BSOP

Biblical Seminary of the Philippines
  All rights Reserved
  © 2024

CONTACT INFORMATION

Biblical Seminary of the Philippines,
  77-B Karuhatan Road, Valenzuela City,
  PHILIPPINES 1441
  Phone: +632 8292-6795 / 8292-6798
  Fax : +632 8292-6675
  Email: library@bsop.edu.ph